| 000 | 00759nam a2200241 i 4500 | ||
|---|---|---|---|
| 001 | bg | ||
| 100 | 1 | _aKULIŃSKA-SADŁOCHA, Ewa | |
| 245 | 1 | 0 |
_aControlling w banku / _cEwa Kulińska-Sadłocha. |
| 260 |
_aWarszawa : _bWydaw. Naukowe PWN, _c2003. |
||
| 300 |
_a244, [2] s. : _bil. ; _c24 cm. |
||
| 504 | _aBibliogr. | ||
| 650 | 9 |
_aBanki _xzarządzanie |
|
| 650 | 9 | _aControlling | |
| 655 | _aPodręczniki akademickie | ||
| 020 | _a8301139439 | ||
| 040 | _cBPK | ||
| 041 | 0 | _apol | |
| 080 | _a336.71:658.1/.5.012.4:657](075.8) | ||
| 920 | _a83-01-13943-9 | ||
| 942 | _cKS | ||
| 008 | s pl f |000 0 pol | ||
| 999 |
_c43324 _d43324 |
||
| 856 |
_uhttp://koha.tu.koszalin.pl/cgi-bin/koha/opac-detail.pl?biblionumber=43324 _yKatalog online BPK |
||